书目信息 |
| 书名: | Applied statistics for management studies | |
| 作者: | David Croft. | |
| 分册号: | ||
| 分册名: | 出版地: | London : |
|
| 出版社: | Macdonald & Evans | |
| 出版时间: | 1983. | |
| 页数: | xii, 290 p. : | |
| 开本: | 23 cm. | |
| 丛书名: | ||
| 中图分类号: | ||
| 科图分类号: | ||
| 其他分类号: | C8:H31 | |
| 主题词: | ||
| 电子资源: | ||
| 000 | 00638cam 2200229Ia 4504 | |
| 001 | E0732658642 | |
| 005 | 20070208090510.46 | |
| 008 | 040322s1983 enka b 001 0 eng d | |
| 020 | @a0712101829. | |
| 035 | @a(CaOTULAS)210521077 | |
| 040 | @aIVD@cIVD@dSIN | |
| 090 | @aE999/W9 | |
| 090 | @aC8:H31 | |
| 099 | @dC8:H31@ex7 | |
| 100 | 1 | @aCroft, David. |
| 245 | 10 | @aApplied statistics for management studies / @cDavid Croft. |
| 250 | @a3d ed. | |
| 260 | @aLondon :@bMacdonald & Evans,@c1983. | |
| 300 | @axii, 290 p. :@billus. ;@c23 cm. | |
| 504 | @aBibliography: p.[243] | |
| 650 | 0 | @aStatistics. |
| 920 | @a232010@z2 | |
| Applied statistics for management studies / / David Croft.-3d ed.-London : : Macdonald & Evans, , 1983. |
| xii, 290 p. : : illus. ; ; 23 cm. |
| Bibliography: p.[243] |
| ISBN 0712101829. |
| ● |
| 相关链接 |
|
|
|
|
正题名:Applied statistics for management studies
索取号:C8:H31/x7
 
预约/预借
| 序号 | 登录号 | 条形码 | 馆藏地/架位号 | 状态 | 备注 |
| 1 | 129397 | 001170235 | 第四借阅区/ [索取号:C8:H31/x7] | 在馆 | |
| 2 | 129398 | 001170226 | 第四借阅区/ [索取号:C8:H31/x7] | 在馆 |